| 000 | 00945cam a2200289 a 4500 | ||
|---|---|---|---|
| 001 | 000081849 | ||
| 005 | 20200120224632.0 | ||
| 008 | 041203r20112005ck a ef 000 0 spa d | ||
| 041 | 0 | _a#spa | |
| 043 | _an-mx--- | ||
| 082 | 0 | 4 |
_a570 _bO82 _220 |
| 100 | 1 | _aOvermire, Thomas G. | |
| 245 | 1 | 0 |
_aBiología / _cThomas G. Overmire. |
| 260 |
_aMéxico : _bLimusa, _c2011. |
||
| 300 |
_a637 páginas : _bilustraciones, diagramas, fotografías a color. |
||
| 500 | _aIncluye índice y anexos | ||
| 650 | 1 | 7 |
_aBiología _xenseñanza _2LEMB |
| 650 | 2 | 7 |
_aMedio ambiente _xenseñanza _2LEMB |
| 650 | 2 | 7 |
_aEcología _xenseñanza _2LEMB |
| 650 | 2 | 7 |
_aPoblación _xenseñanza _2LEMB |
| 650 | 2 | 7 |
_aCélulas _xenseñanza _2LEMB |
| 650 | 2 | 7 |
_aNutrición _xenseñanza _2LEMB |
| 650 | 2 | 7 |
_aGenétca _xenseñanza _2LEMB |
| 650 | 2 | 7 |
_aSalud pública _xenseñanza _2LEMB |
| 650 | 2 | 7 |
_aDiversidad biológica _xenseñanza _2LEMB |
| 650 | 2 | 7 |
_aMetabolismo _xenseñanza _2LEMB |
| 999 |
_c10258 _d10258 |
||